000 00450nam a22001577a 4500
020 _a9788177588873
040 _cNUST
082 _a621.3815 BOG
100 _aBogart, Theodore F.
_983343
110 _aBeasley, Jeffrey S. Rico, Guillermo
_998770
245 _aElectronic Devices and Circuits
250 _a6th Edirion
260 _aNew Delhi:
_bPearson Education,
_c2009.
650 _aElectronic Devices and Circuits
_956104
942 _2ddc
_cBK
999 _c594733
_d594733